000 00946nam a2200265Ia 4500
003 OSt
005 20221005110750.0
006 a|||||r|||| 00| 0
007 ta
008 221004b |||||||| |||| 00| 0 hin d
020 _a9788126725045 (hbk)
_c495
024 _a21199
037 _bBR8455, 23/03/2015, Rajkamal Prakashan Pvt. Ltd.
_cTextual
040 _aCRL
_cCRL
_bhin
041 _2hin
_ahin
082 _aO155,6N52w,1, 152Q3
100 _aआपराद, आशा
245 0 _aदर्द जो सहा मैंने
246 _aDarda jo sahā maianne
260 _aनई दिल्ली
_bराजकमल प्रकाशन भारत
_c2013
300 _a275पृ0
_ccm.
650 _aमराठी साहित्य
942 _hO155,6N52w,1, 152Q3
_cTEXL
_2cc
999 _c1019817
_d1019817